The psychology of decision making : People in organizations
Αποθηκεύτηκε σε:
| Κύριος συγγραφέας: | |
|---|---|
| Μορφή: | Βιβλίο |
| Γλώσσα: | English |
| Δημοσίευση: |
Thousand Oaks :
Sage Publications, Inc.,
1997
|
| Σειρά: | Foundations for organizational science
|
| Θέματα: | |
| Ετικέτες: |
Προσθήκη ετικέτας
Δεν υπάρχουν, Καταχωρήστε ετικέτα πρώτοι!
|
MARC
| LEADER | 00000nam a2200000 i 4500 | ||
|---|---|---|---|
| 001 | 1/61895 | ||
| 008 | 000612s1997 eng d | ||
| 020 | |a 0761900802 | ||
| 035 | |l 10028975 | ||
| 040 | |a GR-MY-UA |b gre |e aacr | ||
| 041 | 0 | |a eng | |
| 082 | 0 | |a 153.83 | |
| 100 | 1 | |a Beach, Lee Roy. | |
| 245 | 1 | 4 | |a The psychology of decision making : |b People in organizations / |c Lee Roy Beach |
| 260 | |a Thousand Oaks : |b Sage Publications, Inc., |c 1997 | ||
| 300 | |a xiii, 223 p. | ||
| 490 | 1 | |a Foundations for organizational science | |
| 504 | |a Includes bibliography and index | ||
| 650 | 0 | 0 | |a Decision making. |
| 650 | 0 | 0 | |a Organization. |
| 830 | 0 | |a Foundations for organizational science | |
| 852 | |a INST |b CHIOS |e 20000612 |h 153.83 BEA |p 005200016176 |q 005200016176 |t BK |y 0 | ||
| 901 | |a BIBL-1998-2 | ||
| 909 | |a Χ |b 057375 | ||
| 922 | |a 2ΕΛΗ |b 199805 |c ΤΔΕ |d ΠΑΠΑΣΩΤΗΡΙΟΥ | ||